00935 2200301 4500001002100000005001500021035002000036007000300056008004100059020002200100082001500122084001500137100002900152245011400181250003600295300004400331650001300375700002800388700002900416264004000445336002100485337003000506338002300536040002200559850001200581990002000593990002000613INLIS00000000087272620220914032052 a0010-0922000254ta220907s2022 jbia g ind d a978-602-441-211-104223a306.85 a306.85 KIM aKimbab FamilyePengarang1 aKimbab family :b(bukan) kisah drama korea /cpenyusun, Kimbab Family ; penyunting, Azti Arlina, Nurul Amanah aCetakan Keempat : Februari 2022 a171 halaman :bilustrasi, foto ;c20 cm 4aKeluarga0 aAzti ArlinaePenyunting0 aNurul AmanahePenyunting31aBandung :bPT. Mizan Pustaka,c2022 2rdacontentateks 2rdamediaatanpa perantara 2rdacarrieravolume aYOPDYOGbinderda aYOPDYOG a46025-PD/B.2022 a46026-PD/B.2022